Управление ядерными энергетическими установками: Сборник статей

Библиографические подробности
Автор-организация: Московский инженерно-физический институт (Государственный университет) (МИФИ)
Язык:русский
Опубликовано: Москва, Атомиздат, 1966-1981
Формат: Книга
Запись в KOHA:https://koha.lib.tpu.ru/cgi-bin/koha/opac-detail.pl?biblionumber=50742

MARC

LEADER 00000nam1a2200000 4500
001 50742
005 20231031033527.0
035 |a (RuTPU)RU\TPU\book\53123 
090 |a 50742 
100 |a 20030418g19661981k y0rusy50 ca 
101 0 |a rus 
102 |a RU 
200 1 |a Управление ядерными энергетическими установками  |e Сборник статей  |f Московский ордена Трудового Красного Знамени инженерно-физический институт 
210 |a Москва  |c Атомиздат  |d 1966-1981 
712 0 2 |a Московский инженерно-физический институт (Государственный университет) (МИФИ)  |2 stltpush  |3 (RuTPU)RU\TPU\col\105 
801 1 |a RU  |b 63413507  |c 20030418  |g PSBO 
801 2 |a RU  |b 63413507  |c 20140711  |g PSBO 
942 |c BK